MDQL
is popping MORE tags! Check the
thread
!
Quizzes
Events
Quiz Creation
Community
Videos
Private Events
Remove Ads
Sign In
Join for FREE
Feedback
Dark Mode
Quiz Categories
Sports
Geography
Music
Movies
Television
Just For Fun
Miscellaneous
History
Literature
Language
Science
Gaming
Entertainment
Religion
Holiday
For Kids
Quiz Lab
Recent
Popular Today
Quiz Kudos Today
Editor Picks
Curator Picks
Quizzes by...
Day
Popularity
Type
Ratings
Length
Year
Community
Subscriptions
Recent Discussions
Orange Saloon
Badges
Playlists
Quests
Create
Leaderboards
Showdown
Live 5
Trivia Bingo
Activity
Puzzle Library
Sporcle Events
Private Events
Virtual Trivia
Globe League
Become a Host
Pub Owners
SporcleCon
Opinionation
Our Games
Videos
Blog
Mobile Apps
Partnerships
Remove Ads and Go Orange
Feedback
Gaming
Video Games
Board Games
Card Games
Pokémon
Mario
Nintendo
Minecraft
Console
Toys
Legend of Zelda
Gaming
Video Games
Board Games
Card Games
Pokémon
Mario
Nintendo
Minecraft
Console
Toys
Legend of Zelda
Random Quiz
Search Sporcle
×
Quiz Lab
Quiz Lab
Gaming
Dragon
Type in answers that appear in a list
Type in answers that appear in a list
Classic
Best Score? Go Orange.
Spyro 3 YOTD:Name the baby dragons Stats
Can you name the Spyro 3 YOTD:Name the baby dragons?
By
nicholaschin125
15m
150 Questions
52 Plays
52 Plays
52 Plays
Comments
Comments
Give Quiz Kudos
Give Quiz Kudos
-
- Ratings
hide this ad
Wrong Answers
Some wrong answers will appear in red
Some wrong answers will appear in red
Replay
Link that replays current quiz
Next Quiz
Link to next quiz in quiz playlist
You Got
0%
They Got
Avg Score
49%
Avg Friend Score
Upgrade to see
Score Distribution
Jump to the score distribution portion of the page
Score
0/150
Timer
15:00
0
Plays Today
Hint
Answer
% Correct
Mushroom Speedway
???
76.9%
Molten Crater
???
75%
Midnight Mountain
???
75%
Sunrise Spring
???
71.2%
Sunny Villa
???
71.2%
Cloud Spires
???
71.2%
Cloud Spires
???
71.2%
Enchanted Towers
???
71.2%
Honey Speedway
???
71.2%
Sunrise Spring
???
69.2%
Sunny Villa
???
69.2%
Sunny Villa
???
69.2%
Seashell Shore
???
67.3%
Fireworks Factory
???
67.3%
Dino Mines
???
67.3%
Sunrise Spring
???
65.4%
Sunrise Spring
???
65.4%
Midday Gardens
???
65.4%
Midday Gardens
???
65.4%
Bamboo Terrace
???
65.4%
Desert Ruins
???
65.4%
Agent 9's Lab
???
65.4%
Sunny Villa
???
63.5%
Sgt Byrd's Base
???
63.5%
Charmed Ridge
???
63.5%
Scorch's Pit
???
63.5%
Spooky Swamp
???
61.5%
Evening Lake
???
61.5%
Bentley's Outpost
???
61.5%
Bentley's Outpost
???
61.5%
Super Bonus Round
???
60.9%
Sunrise Spring
???
59.6%
Molten Crater
???
59.6%
Bamboo Terrace
???
59.6%
Spooky Swamp
???
59.6%
Sgt Byrd's Base
???
59.6%
Evening Lake
???
59.6%
Evening Lake
???
59.6%
Desert Ruins
???
59.6%
Harbor Speedway
???
59.6%
Sunny Villa
???
57.7%
Cloud Spires
???
57.7%
Molten Crater
???
57.7%
Lost Fleet
???
57.7%
Lost Fleet
???
57.7%
Haunted Tomb
???
57.7%
Sorceress' Lair
???
57.7%
Sunny Villa
???
55.8%
Cloud Spires
???
55.8%
Icy Peak
???
55.8%
Hint
Answer
% Correct
Country Speedway
???
55.8%
Sgt Byrd's Base
???
55.8%
Frozen Altars
???
55.8%
Haunted Tomb
???
55.8%
Sheila's Alp
???
53.8%
Midday Gardens
???
53.8%
Frozen Altars
???
53.8%
Desert Ruins
???
53.8%
Haunted Tomb
???
53.8%
Cloud Spires
???
51.9%
Molten Crater
???
51.9%
Seashell Shore
???
51.9%
Spooky Swamp
???
51.9%
Bentley's Outpost
???
51.9%
Desert Ruins
???
51.9%
Molten Crater
???
50%
Seashell Shore
???
50%
Mushroom Speedway
???
50%
Sheila's Alp
???
50%
Midday Gardens
???
50%
Icy Peak
???
50%
Lost Fleet
???
50%
Lost Fleet
???
50%
Cloud Spires
???
48.1%
Mushroom Speedway
???
48.1%
Sheila's Alp
???
48.1%
Evening Lake
???
48.1%
Evening Lake
???
48.1%
Fireworks Factory
???
48.1%
Frozen Altars
???
48.1%
Desert Ruins
???
48.1%
Dino Mines
???
48.1%
Dino Mines
???
48.1%
Seashell Shore
???
46.2%
Spooky Swamp
???
46.2%
Charmed Ridge
???
46.2%
Charmed Ridge
???
46.2%
Molten Crater
???
44.2%
Buzz's Dungeon
???
44.2%
Bamboo Terrace
???
44.2%
Bamboo Terrace
???
44.2%
Enchanted Towers
???
44.2%
Enchanted Towers
???
44.2%
Country Speedway
???
44.2%
Midnight Mountain
???
44.2%
Midday Gardens
???
42.3%
Icy Peak
???
42.3%
Midnight Mountain
???
42.3%
Desert Ruins
???
42.3%
Haunted Tomb
???
42.3%
Hint
Answer
% Correct
Seashell Shore
???
40.4%
Seashell Shore
???
40.4%
Bamboo Terrace
???
40.4%
Enchanted Towers
???
40.4%
Icy Peak
???
40.4%
Spooky Swamp
???
40.4%
Spooky Swamp
???
40.4%
Spike's Arena
???
40.4%
Charmed Ridge
???
40.4%
Charmed Ridge
???
40.4%
Frozen Altars
???
40.4%
Midnight Mountain
???
40.4%
Harbor Speedway
???
40.4%
Enchanted Towers
???
38.5%
Enchanted Towers
???
38.5%
Icy Peak
???
38.5%
Country Speedway
???
38.5%
Fireworks Factory
???
38.5%
Fireworks Factory
???
38.5%
Lost Fleet
???
38.5%
Lost Fleet
???
38.5%
Dino Mines
???
38.5%
Crystal Islands
???
38.5%
Crystal Islands
???
38.5%
Crystal Islands
???
38.5%
Harbor Speedway
???
38.5%
Bamboo Terrace
???
36.5%
Icy Peak
???
36.5%
Charmed Ridge
???
36.5%
Fireworks Factory
???
36.5%
Fireworks Factory
???
36.5%
Frozen Altars
???
36.5%
Dino Mines
???
36.5%
Dino Mines
???
36.5%
Haunted Tomb
???
36.5%
Haunted Tomb
???
36.5%
Crystal Islands
???
36.5%
Bugbot Factory
???
34.8%
Frozen Altars
???
34.6%
Honey Speedway
???
34.6%
Honey Speedway
???
32.7%
Midnight Mountain
???
32.7%
Midnight Mountain
???
32.7%
Crystal Islands
???
32.7%
Crystal Islands
???
32.7%
Crawdad Farm
???
32.6%
Spider Town
???
32.6%
Agent 9's Lab
???
30.4%
Agent 9's Lab
???
28.8%
Starfish Reef
???
21.7%
Quiz Playlist
Details
Report
Send in Message
Add To Playlist
Classic:
Type in answers that appear in a list
Wrong Answers:
Some wrong answers will appear in red
Last Updated: Feb 16, 2017
Quiz Scoreboard
CHALLENGE
Sign Up to Join the Scoreboard
Show All
Scores
Hide
Comments
May contain spoilers
Recently Published
Find the 'City' Movie
by crazypaving
Movies
60s
5x2 Blitz: Bands
by SL_Kpop136
Music
30s
Colored Red Africa Blitz
by spor1
Geography
30s
More to Explore
Quiz From the Vault
Featured Blog Post
14 Easter Pick-up Lines to Find Eggs With
hide this ad
You Might Also Like...
Tags
Baby
Dragon
Spyro
Today's Top Quizzes in Gaming
Browse Gaming
hide this ad
Today's Top Quizzes in Dragon
Browse Dragon
Top Contributed Quizzes in Gaming
1
Dead By Daylight Logic Puzzle
2
League of Legends Pro Players by Career/Team History
3
Destiny 2 exotic weapons by perk icons
4
Genshin Impact Logic Puzzle
5
Overwatch 2: Ultimate Ability Icons
6
Genshin Impact Logic Puzzle Quiz II
7
Windmill: Elements
8
Overwatch Logic Puzzle
9
Genshin Impact Logic Puzzle Quiz
10
Genshin murder mystery
Explore More
Trending Topics
Crossword
Kpop
Marvel
Harry Potter
Anime
NBA
Disney
NFL
The Office
Puzzle
Pokémon
Song
WWE
Country
Soccer
hide this ad
More By:
nicholaschin125
Quiz
Plays
Rating
Category
Featured
Created
Name the all of the USA Presidents
77
1.00
History
Apr 30, 2015
Spyro 3 YOTD:Name the baby dragons
52
1.00
Gaming
Apr 28, 2015
Go to Creator's Profile
Score Distribution
Quiz Creator Spotlight
nicholaschin125
Follow
Send a Message
Quizzes Created
-
Created Quiz Play Count
-
More By This Creator
Popular Quizzes Today
1
Colored Red Africa Blitz
2
Find the US States - No Outlines Minefield
3
Find the 'City' Movie
4
5x2 Blitz: Bands
5
The Countries of the World
6
Find the US States
7
US States
8
9x9 Crossword: Cartoon Network
More Gaming Quizzes
Periodic Table of Pokémon
Curator's Pick
Trending Quizzes
Colored Red Europe Blitz I
Colored Red Europe Blitz II
Colored Red Africa Blitz II
Colored Red Europe Blitz III
Colored Red Africa Blitz III
Recently Updated
Godzilla Movies
pecheneg
Grab Bag: 4-10 Letters
pecheneg
2024 March Madness Bracket
pecheneg
Famous TV Couples
Peacemaker
Champions League XIs: Real Madrid
pecheneg
Largest US Cities 1790-2010
pecheneg
Rides in Walt Disney World
pecheneg
Most Oscar Losses (Acting)
pecheneg
Beyoncé Albums
pecheneg
Leaping Animals
pecheneg
Trending Topics
Disney
Harry Potter
Marvel
Crossword
NBA
Kpop
Anime
Pokémon
Song
NFL
Country
The Office
Puzzle
WWE
Soccer
Your Account Isn't Verified!
In order to create a playlist on Sporcle, you need to verify the email address you used during registration. Go to your
Sporcle Settings
to finish the process.
Report this User
Report this user for behavior that violates our
Community Guidelines
.
Details:
Send Report
Go to the Sporcle.com Mobile Site →
Comments